Fundamentals of classical thermodynamics (Record no. 14470)

000 -LEADER
fixed length control field 00490nam a22001937a 4500
001 - CONTROL NUMBER
control field 14470
003 - CONTROL NUMBER IDENTIFIER
control field BD-DhUET
008 - FIXED-LENGTH DATA ELEMENTS--GENERAL INFORMATION
fixed length control field 150308b xxu||||| |||| 00| 0 eng d
040 ## - CATALOGING SOURCE
Transcribing agency 0
Modifying agency BD-DhUET
082 ## - DEWEY DECIMAL CLASSIFICATION NUMBER
Classification number 536.7
Item number VAN/1985
100 ## - MAIN ENTRY--PERSONAL NAME
Personal name Van Wylen, Gordon J.
245 ## - TITLE STATEMENT
Title Fundamentals of classical thermodynamics
250 ## - EDITION STATEMENT
Edition statement 3rd ed.
260 ## - PUBLICATION, DISTRIBUTION, ETC. (IMPRINT)
Place of publication, distribution, etc. New York
Name of publisher, distributor, etc. John Wiley & Sons
Date of publication, distribution, etc. 1985
300 ## - PHYSICAL DESCRIPTION
Extent xiv, 722 p.
650 #0 - SUBJECT ADDED ENTRY--TOPICAL TERM
Topical term or geographic name as entry element Thermodynamics
700 ## - ADDED ENTRY--PERSONAL NAME
Personal name Sonntag, Richard E.
942 ## - ADDED ENTRY ELEMENTS (KOHA)
Koha item type General Book
Holdings
Source of classification or shelving scheme Koha issues (times borrowed) Not for loan Koha date last seen Date acquired Lost status Location (home branch) Price effective from Koha item type Damaged status Withdrawn status Copy number Shelving location Koha date last borrowed Koha normalized classification for sorting Piece designation (barcode) Koha full call number Sublocation or collection (holding branch)
 2 2025-06-232015-03-08 Central Library, BUET2015-03-08General Book  1Circulation section2025-05-26536_700000000000000_VAN_198568588536.7/VAN/1985Central Library, BUET
 4 2023-05-082015-03-10 Central Library, BUET2015-03-10General Book  2Circulation section2023-04-30536_700000000000000_VAN_198568590536.7/VAN/1985Central Library, BUET
 2 2023-12-112015-03-10 Central Library, BUET2015-03-10General Book  3Circulation section2023-12-02536_700000000000000_VAN_198568592536.7/VAN/1985Central Library, BUET
 2 2024-02-182015-03-16 Central Library, BUET2015-03-16General Book  4Circulation section2023-12-02536_700000000000000_VAN_198568589536.7/VAN/1985Central Library, BUET